[Event "Maia Cup 2019"]
[Site "Tbilisi"]
[Date "2019.09.06"]
[Round "9.3"]
[White "Jojua, Davit"]
[Black "Paichadze, Luka"]
[Result "1-0"]
[WhiteElo "2563"]
[BlackElo "2574"]
[Annotator "TA"]
[PlyCount "49"]
[EventDate "2019.09.05"]
[EventType "swiss"]
[EventCountry "GEO"]
[SourceTitle "playchess.com"]
[Source "ChessBase"]
[SourceQuality "1"]

{[%evp 17,49,14,24,10,26,0,18,4,41,34,37,54,48,46,50,21,15,18,227,240,228,201,198,201,279,209,275,286,279,287,473,484,489,482]} 1. d4 Nf6 2. Nf3 e6 3. Bf4 b6 4. e3 Bb7 5. Nbd2 c5 6. c3 Nc6 7. Bd3 Be7 8. h3 O-O 9. O-O d6 10. Bh2 {A47: 1 d4 Nf6 2 Nf3 b6: Torre, London and Colle Systems} Re8 11. a4 (11. a3 Bf8 12. Qe2 g6 13. Rfd1 a6 14. e4 d5 15. e5 Nd7 16. Bf4 b5 17. Qe3 Rc8 {0-1 (48) Grachev,B (2645)-Fedoseev,V (2733) Sochi 2017}) 11... Bf8 12. Re1 {The position is equal.} e5 $146 ({Predecessor:} 12... a6 13. dxc5 bxc5 14. e4 d5 15. exd5 exd5 16. Rxe8 Qxe8 17. Qb3 Qc8 {1-0 (38) Gogolis,A (2245)-Tepalenis,N (2146) Athens 2012}) 13. dxe5 Nxe5 14. Nxe5 dxe5 15. Qc2 a6 16. Rad1 Qc7 17. Ne4 Nd5 $2 (17... Bxe4 $11 {and Black is okay.} 18. Bxe4 Nxe4 19. Qxe4 f6) 18. Bc4 $18 Nf6 19. Nxf6+ gxf6 20. Qf5 {[#] aiming for Rd7.} Qc6 {[%csl Gb7][%cal Rc6g2]} 21. Bd5 $40 {[%mdl 128] Black is in trouble.} Qxd5 22. Rxd5 Bxd5 23. Qxf6 Bg7 $2 {[#]} (23... Re6 24. Qf5 Bg7) 24. Qxb6 Rab8 25. Qxc5 {Accuracy: White = 45%, Black = 17%.} 1-0

[Event "Maia Cup 2019"]
[Site "Tbilisi"]
[Date "2019.09.06"]
[Round "9.4"]
[White "Volkov, Nika"]
[Black "Arabidze, Meri"]
[Result "1-0"]
[WhiteElo "2066"]
[BlackElo "2398"]
[Annotator "ChessBase"]
[PlyCount "137"]
[EventDate "2019.09.05"]
[EventType "swiss"]
[EventCountry "GEO"]
[SourceTitle "playchess.com"]
[Source "ChessBase"]
[SourceQuality "1"]
[TimeControl "900+10"]

1. d4 {[%emt 0:00:00]} f5 {[%emt 0:00:00]} 2. c4 {[%emt 0:00:00]} Nf6 {[%emt 0:00:00]} 3. Nc3 {[%emt 0:00:00]} e6 {[%emt 0:00:00]} 4. Nf3 {[%emt 0:00:01]} Bb4 {[%emt 0:00:39]} 5. Qb3 {[%emt 0:00:02]} a5 {[%emt 0:00:11]} 6. e3 {[%emt 0:00:07]} b6 {[%emt 0:00:19]} 7. Bd3 {[%emt 0:00:04]} Bb7 {[%emt 0:00:10]} 8. O-O {[%emt 0:00:05]} Bxc3 {[%emt 0:00:22]} 9. Qxc3 {[%emt 0:00:02]} Ne4 {[%emt 0:01:05]} 10. Qc2 {[%emt 0:00:03]} O-O {[%emt 0:00:10]} 11. Nd2 {[%emt 0:00:04]} Qh4 {[%emt 0:01:24]} 12. f3 {[%emt 0:00:44]} Nf6 {[%emt 0:00:12]} 13. e4 {[%emt 0:03:00]} Nc6 {[%emt 0:00:26]} 14. Qc3 {[%emt 0:00:02]} fxe4 {[%emt 0:02:09]} 15. Nxe4 {[%emt 0:00:05]} Nb4 {[%emt 0:00:17]} 16. Nxf6+ {[%emt 0:02:08]} Qxf6 {[%emt 0:00:40]} 17. Bb1 {[%emt 0:00:07]} d5 {[%emt 0:03:36]} 18. c5 {[%emt 0:01:31]} bxc5 {[%emt 0:00:56]} 19. Qxc5 {[%emt 0:00:02]} Ba6 {[%emt 0:02:17]} 20. Rd1 {[%emt 0:00:04]} Be2 {[%emt 0:01:20]} 21. Rd2 {[%emt 0:00:01]} Na6 {[%emt 0:00:46]} 22. Qc3 {[%emt 0:00:18]} Bb5 {[%emt 0:00:29]} 23. a4 {[%emt 0:00:06]} Be8 {[%emt 0:00:09]} 24. Qxa5 {[%emt 0:00:05]} Bh5 {[%emt 0:00:18]} 25. Qc3 {[%emt 0:00:05]} c5 {[%emt 0:00:14]} 26. Qe3 {[%emt 0:00:32]} Rfc8 {[%emt 0:00:13]} 27. dxc5 {[%emt 0:00:38]} Nxc5 {[%emt 0:00:02]} 28. Bc2 {[%emt 0:01:24]} Bf7 {[%emt 0:00:39]} 29. f4 {[%emt 0:00:48]} Bg6 {[%emt 0:00:14]} 30. Bd1 {[%emt 0:03:11]} Be4 {[%emt 0:00:00]} 31. Rd4 {[%emt 0:00:46]} e5 {[%emt 0:00:13]} 32. fxe5 {[%emt 0:00:09]} Qxe5 {[%emt 0:00:01]} 33. Bd2 {[%emt 0:00:15]} Ne6 {[%emt 0:00:11]} 34. Rb4 {[%emt 0:00:37]} d4 {[%emt 0:00:01]} 35. Qe2 {[%emt 0:00:01]} Nc5 {[%emt 0:00:32]} 36. Rb5 {[%emt 0:00:13]} Kh8 {[%emt 0:00:32]} 37. Bb4 {[%emt 0:00:30]} d3 {[%emt 0:00:10]} 38. Qf2 {[%emt 0:00:06]} Rf8 {[%emt 0:00:09]} 39. Rxc5 {[%emt 0:00:09]} Rxf2 {[%emt 0:00:06]} 40. Rxe5 {[%emt 0:00:22]} Rxg2+ {[%emt 0:00:02]} 41. Kf1 {[%emt 0:00:01]} Bb7 {[%emt 0:00:19]} 42. Rf5 {[%emt 0:01:02]} Rxb2 {[%emt 0:00:11]} 43. Bc3 {[%emt 0:01:18]} Rxh2 {[%emt 0:00:07]} 44. Bf3 {[%emt 0:00:21]} Bxf3 {[%emt 0:00:13]} 45. Rxf3 {[%emt 0:00:01]} Rh1+ {[%emt 0:00:10]} 46. Kf2 {[%emt 0:00:03]} Rxa1 {[%emt 0:00:12]} 47. Bxa1 {[%emt 0:00:01]} h5 {[%emt 0:00:12]} 48. Rf4 {[%emt 0:00:02]} Kh7 {[%emt 0:00:09]} 49. Ke3 {[%emt 0:00:07]} g5 {[%emt 0:00:04]} 50. Rd4 {[%emt 0:00:02]} Kg6 {[%emt 0:00:08]} 51. Kxd3 {[%emt 0:00:07]} g4 {[%emt 0:00:03]} 52. Bc3 {[%emt 0:00:03]} Kf5 {[%emt 0:00:24]} 53. Bd2 {[%emt 0:00:10]} g3 {[%emt 0:00:07]} 54. Ke3 {[%emt 0:00:02]} Rh8 {[%emt 0:00:15]} 55. Rf4+ {[%emt 0:01:42]} Ke6 {[%emt 0:00:06]} 56. Kf3 {[%emt 0:00:28]} h4 {[%emt 0:00:05]} 57. Bc3 {[%emt 0:00:03]} Rh7 {[%emt 0:00:07]} 58. Re4+ {[%emt 0:00:03]} Kd5 {[%emt 0:00:10]} 59. Re1 {[%emt 0:00:01]} Kc4 {[%emt 0:00:08]} 60. Bd2 {[%emt 0:00:09]} Rf7+ {[%emt 0:00:13]} 61. Bf4 {[%emt 0:00:22]} Kb4 {[%emt 0:00:09]} 62. Re4+ {[%emt 0:00:01]} Ka5 {[%emt 0:00:13]} 63. Kg2 {[%emt 0:00:02]} Rd7 {[%emt 0:00:11]} 64. Kh3 {[%emt 0:00:05]} Rd3 {[%emt 0:00:18]} 65. Bc7+ {[%emt 0:00:19]} Ka6 {[%emt 0:00:01]} 66. Rxh4 {[%emt 0:00:02]} Rc3 {[%emt 0:00:11]} 67. Bxg3 {[%emt 0:00:06]} Ka5 {[%emt 0:00:09]} 68. Kg2 {[%emt 0:00:02]} Rc2+ {[%emt 0:00:06]} 69. Kf1 1-0

[Event "Maia Cup 2019"]
[Site "Tbilisi"]
[Date "2019.09.06"]
[Round "9.5"]
[White "Quparadze, Giga"]
[Black "Sulashvili, Malkhaz"]
[Result "1-0"]
[WhiteElo "2462"]
[BlackElo "2381"]
[Annotator "TA"]
[PlyCount "81"]
[EventDate "2019.09.05"]
[EventType "swiss"]
[EventCountry "GEO"]
[SourceTitle "playchess.com"]
[Source "ChessBase"]
[SourceQuality "1"]

{[%evp 32,81,14,22,27,0,0,0,0,0,29,28,33,35,29,17,27,39,82,90,141,150,138,108,113,40,43,47,45,15,87,95,83,83,267,271,276,183,173,175,181,175,133,99,602,590,1833,1557,727,645,5214,5206]} 1. e4 c6 2. d4 d5 3. Nc3 dxe4 4. Nxe4 Bf5 5. Ng3 Bg6 6. h4 h6 7. Nf3 Nd7 8. h5 Bh7 9. Bd3 Bxd3 10. Qxd3 e6 11. Bf4 ({Predecessor:} 11. Bd2 Ngf6 12. O-O-O Qc7 13. Ne4 {1-0 (40) Al Sayaed,M (2082)-Saleh,N (2237) Beirut 2000}) 11... Qa5+ 12. Bd2 Qc7 13. O-O-O O-O-O 14. Ne4 Ngf6 15. g3 Nxe4 16. Qxe4 Bd6 17. c4 Nf6 $146 {B19: Classical Caro-Kann: 4...Bf5 main line} (17... c5 18. Bc3 Nf6 19. Qe2 cxd4 20. Nxd4 a6 21. Nb3 Qc6 22. Rhe1 Bc5 23. Nxc5 Qxc5 24. Bxf6 gxf6 25. b3 Qg5+ 26. Kc2 Qf5+ 27. Kc1 Qg5+ 28. Kc2 Qf5+ 29. Kc1 Qg5+ 30. Kc2 Qf5+ {½-½ (30) Mista,A (2599)-Macieja,B (2515) Achaia 2017}) 18. Qc2 (18. Qe2 $5 {[%cal Rc4c5]}) 18... c5 19. d5 exd5 {The position is equal.} 20. cxd5 Kb8 21. Bc3 Rhe8 22. Bxf6 gxf6 23. Nh4 Re5 24. Nf5 Bf8 25. d6 $1 $36 {[%cal Rd6c7][%mdl 2048] White is in control.} Bxd6 (25... Qc6 $142) 26. Nxh6 $16 c4 27. Nf5 c3 {[#] Strongly threatening ...cxb2+.} 28. Nxd6 ({White should try} 28. Kb1 $1 $16) 28... Rxd6 $14 29. Rxd6 Qxd6 $16 {[%mdl 4096] Endgame KQR-KQR} 30. h6 {Threatens to win with h7.} Qd5 ({Of course not} 30... cxb2+ $6 31. Kb1 $16) (30... Qc6 $1 $11 {remains equal.} 31. Rd1 Rh5) 31. Qd1 cxb2+ 32. Kxb2 {h7 is the strong threat.} Qb5+ $2 (32... Qxd1 $16 {was called for.} 33. Rxd1 Rh5) 33. Ka1 $18 {[%cal Rd1d8]} Rd5 34. Qc1 Rd8 35. Qf4+ Qe5+ 36. Qxe5+ fxe5 37. Rh5 f6 $2 {[%mdl 8192] [#]} (37... Rh8 $16) 38. Rf5 $1 {[%cal Rf5f6] White is clearly winning.} ({Not} 38. h7 Rh8 $16) 38... Rf8 {and the idea ...Kc7 leaves Black hopeful.} 39. g4 Kc7 40. g5 Rg8 41. h7 {Accuracy: White = 66%, Black = 34%.} 1-0

[Event "Maia Cup 2019"]
[Site "Tbilisi"]
[Date "2019.09.06"]
[Round "9.6"]
[White "Arutinian, David"]
[Black "Mikadze, Miranda"]
[Result "1-0"]
[WhiteElo "2551"]
[BlackElo "2279"]
[Annotator "TA"]
[PlyCount "63"]
[EventDate "2019.09.05"]
[EventType "swiss"]
[EventCountry "GEO"]
[SourceTitle "playchess.com"]
[Source "ChessBase"]
[SourceQuality "1"]

{[%evp 9,63,24,36,37,54,75,71,28,30,30,27,38,25,37,25,22,35,35,35,19,47,47,50,31,49,50,39,41,47,9,13,0,0,0,0,0,14,2,110,0,0,0,0,-15,24,25,24,25,92,93,470,452,619,610,597,556]} 1. Nf3 ({Predecessor:} 1. d4 d5 2. c4 c6 3. Nc3 Nf6 4. e3 Bf5 5. cxd5 cxd5 6. Qb3 Nc6 7. Qxb7 Bd7 8. Qb3 Rb8 9. Qd1 e5 10. dxe5 Nxe5 11. Be2 Bd6 {1-0 (39) Batsuren,D (2321)-Jocev,M (2256) Novi Sad 2018}) 1... d5 2. e3 Nf6 3. c4 c6 4. Nc3 Bf5 5. cxd5 cxd5 6. Qb3 {A11: English Opening: 1...c6} Nc6 $146 (6... Bc8 7. Ne5 e6 8. d4 Be7 9. Bd3 Nc6 10. f4 Nd7 11. O-O O-O 12. Bd2 Nb6 13. a4 a5 14. Rfc1 Nb4 15. Bb5 Bd7 16. Nxd7 Nxd7 {1-0 (49) Goganov,A (2580)-Kuzubov,Y (2653) Karlsruhe 2019}) 7. Qxb7 Bd7 {[#] Strongly threatening ...Rb8.} 8. Qb3 {White is better.} (8. Nb5 {looks sharper.} Rc8 9. Nxa7 Nxa7 10. Qxa7 e6 11. b3) 8... Rb8 9. Qd1 e5 10. d4 Bd6 11. dxe5 Nxe5 12. Be2 O-O 13. O-O Qc7 14. h3 Rfd8 15. Nd4 ({But not} 15. Nxd5 Nxd5 16. Nxe5 Bxe5 $11) 15... Qc8 16. f4 Nc4 17. Bf3 Nxb2 18. Bxb2 Rxb2 19. Rc1 Qa8 20. Rb1 Rxb1 21. Qxb1 Bc5 22. Rd1 g6 23. Qb3 $36 {[%cal Rc3d5][%mdl 2048] White has good play.} Rb8 (23... Be6 $11 {keeps the balance.}) 24. Qc2 (24. Nxd5 $16 Nxd5 25. Qc4 (25. Qxd5 Qxd5 26. Bxd5 Rb2 $14) 25... Bxd4 26. Qxd4) 24... Bb6 $11 25. Kh2 Re8 26. Rd3 Kg7 27. Qb2 {Hoping for Nxd5!} Kg8 $1 28. Qb3 {[%cal Rf3d5]} Bxd4 (28... Qb8 $11) 29. Rxd4 {[%cal Rc3d5]} Rxe3 $2 {[%mdl 8192]} (29... Be6 $16) 30. Nxd5 $18 {[%mdl 64] [#] Discovered Attack. White is clearly winning.} Rxb3 31. Nxf6+ {[%mdl 64] Discovered Attack} Kg7 32. Bxa8 {Accuracy: White = 60%, Black = 43%.} 1-0

[Event "Maia Cup 2019"]
[Site "Tbilisi"]
[Date "2019.09.06"]
[Round "9.7"]
[White "Sanikidze, Tornike"]
[Black "Khomeriki, Nino"]
[Result "1-0"]
[WhiteElo "2515"]
[BlackElo "2315"]
[Annotator "TA"]
[PlyCount "95"]
[EventDate "2019.09.05"]
[EventType "swiss"]
[EventCountry "GEO"]
[SourceTitle "playchess.com"]
[Source "ChessBase"]
[SourceQuality "1"]

{[%evp 14,95,-22,-21,-27,-55,-49,-49,-43,-47,-43,-46,-44,-52,-53,-47,-45,-51,0,-74,-56,-67,-68,-95,-99,-106,-108,-195,-177,-143,0,0,58,59,53,53,64,0,137,0,0,0,90,41,323,339,350,337,337,314,326,319,345,318,326,325,310,293,581,620,674,614,668,629,757,649,1472,1461,1322,1187,1094,1031,2459,2279,29969,29974,29978,29979,29983,29984,29982,29974,29983,29984]} 1. d4 Nf6 2. Nf3 d5 3. Bf4 c5 4. e3 Nc6 5. c3 Qb6 6. Qb3 c4 7. Qc2 Bf5 8. Qc1 Nh5 {D02: 1 d4 d5 2 Nf3 sidelines, including 2...Nf6 3 g3 and 2...Nf6 3 Bf4} (8... e6 9. Nbd2 Qd8 10. h3 h6 11. Be2 Be7 12. O-O O-O 13. Bd1 b5 14. Bc2 Bxc2 15. Qxc2 Bd6 16. Bxd6 Qxd6 17. e4 dxe4 18. Nxe4 Nxe4 19. Qxe4 Qd5 20. Qxd5 exd5 {1-0 (51) Nisipeanu,L (2674)-Parligras,M (2645) Bucharest 2018}) 9. Bg5 h6 10. Bh4 g5 {Black is slightly better.} 11. Bg3 $1 Bg7 $146 ({Predecessor:} 11... Nxg3 12. hxg3 Bg7 13. Nbd2 Qc7 14. Be2 {½-½ (112) Vakhania,A (2238)-Balajayeva,K (2167) Batumi 2016}) 12. Nbd2 O-O 13. Be2 Nxg3 14. hxg3 Qc7 $36 {[%mdl 2048] Black fights for an advantage.} 15. Bd1 e5 ({Better is} 15... e6 $15) 16. dxe5 (16. Nxe5 $11 Bxe5 17. dxe5) 16... g4 $17 17. Nd4 Nxe5 {aiming for ...Nd3+.} 18. O-O Nd3 19. Qb1 Bxd4 20. exd4 (20. cxd4 $17 {was necessary.} Qd6 21. Bc2) 20... Rfe8 21. b3 Re6 (21... b5 $17 22. a4 b4 23. cxb4 c3) 22. bxc4 $11 dxc4 (22... Rb6 $11 23. Bb3 Rf6) 23. Qb5 $1 $14 {[%csl LRc4,LRf5][%mdl 64] Double Attack} Rf6 24. Qxc4 Qe7 25. Qb3 (25. Bxg4 $14 Rc8 26. Qb5) 25... h5 {[#]} (25... Re8 $11) 26. c4 (26. Nc4 $1 $16) 26... Rd8 $11 27. Qc3 h4 {[#]} (27... Bg6 $11 {keeps the balance.} 28. Nb3 Qb4 29. Qxb4 Nxb4) 28. Bxg4 $1 {[%mdl 512]} hxg3 $2 {[%mdl 8192]} ({Black should play} 28... Bxg4 $14 29. Qxd3 Be2) 29. Bxf5 $18 gxf2+ 30. Rxf2 Nxf2 31. Qg3+ {[%mdl 64] Double Attack} Kf8 32. Qxf2 Qd6 {next ...Rxf5 is good for Black.} 33. Ne4 Rxf5 34. Nxd6 Rxf2 35. Nxb7 ({Weaker is} 35. Kxf2 Rxd6 36. d5 b5 $16) 35... Rb8 $2 (35... Rxd4 36. Kxf2 Rxc4) 36. Kxf2 Rxb7 {[%mdl 4096] Endgame KR-KR} 37. Re1 Rb4 {[#]} 38. Rc1 $1 Rb2+ 39. Kf3 Rxa2 40. c5 Ke7 41. d5 Rd2 42. Ke4 Kd7 43. Ra1 Re2+ {[#]} 44. Kd3 $1 {White mates.} Rxg2 45. Rxa7+ Ke8 46. c6 Rg6 47. Ra8+ Ke7 48. c7 {Accuracy: White = 63%, Black = 38%.} 1-0